<?xml version="1.0" encoding="UTF-8"?>
<collection xmlns="http://www.loc.gov/MARC21/slim">
 <record>
  <leader>01474nam a2200229Ia 4500</leader>
  <controlfield tag="001">TDMU_31055</controlfield>
  <controlfield tag="008">210410s9999    xx            000 0 und d</controlfield>
  <datafield tag="082" ind1=" " ind2=" ">
   <subfield code="a">332</subfield>
  </datafield>
  <datafield tag="090" ind1=" " ind2=" ">
   <subfield code="b">PH105</subfield>
  </datafield>
  <datafield tag="100" ind1=" " ind2=" ">
   <subfield code="a">Phan, Nhật Thanh</subfield>
  </datafield>
  <datafield tag="245" ind1=" " ind2="0">
   <subfield code="a">Tập quán pháp, tiền lệ pháp và việc đa dạng hóa hình thức pháp luật ở Việt Nam</subfield>
  </datafield>
  <datafield tag="245" ind1=" " ind2="0">
   <subfield code="b">Sách chuyên khảo</subfield>
  </datafield>
  <datafield tag="245" ind1=" " ind2="0">
   <subfield code="c">Phan Nhật Thanh (ch.b.), Đỗ Minh Khôi, Đỗ Thị Mai Hạnh và [nh.ng. khác]</subfield>
  </datafield>
  <datafield tag="260" ind1=" " ind2=" ">
   <subfield code="a">Tp. Hồ Chí Minh</subfield>
  </datafield>
  <datafield tag="260" ind1=" " ind2=" ">
   <subfield code="b">Đại học Quốc gia Tp. Hồ Chí Minh</subfield>
  </datafield>
  <datafield tag="260" ind1=" " ind2=" ">
   <subfield code="c">2017</subfield>
  </datafield>
  <datafield tag="300" ind1=" " ind2=" ">
   <subfield code="a">285tr.</subfield>
  </datafield>
  <datafield tag="520" ind1=" " ind2=" ">
   <subfield code="a">Trình bày lý thuyết về nguồn luật, đa dạng hóa pháp luật và cấy ghép luật. Giới thiệu tập quán pháp, tiền lệ pháp, hệ thống pháp luật Việt Nam và nhu cầu bổ sung nguồn luật; những điều kiện, yêu cầu, cách thức và đánh giá tác động khi đa dạng hóa nguồn luật và áp dụng luật tập quán, án lệ tại Việt Nam</subfield>
  </datafield>
  <datafield tag="650" ind1=" " ind2=" ">
   <subfield code="a">Pháp luật</subfield>
   <subfield code="x">Tập quán pháp</subfield>
   <subfield code="z">Việt Nam; Pháp luật</subfield>
   <subfield code="x">Tiền lệ pháp</subfield>
   <subfield code="x">Hình thức</subfield>
   <subfield code="z">Việt Nam</subfield>
  </datafield>
  <datafield tag="700" ind1=" " ind2=" ">
   <subfield code="a">Đỗ, Minh Khôi</subfield>
  </datafield>
  <datafield tag="856" ind1=" " ind2=" ">
   <subfield code="u">http://lrc.tdmu.edu.vn/opac/search/detail.asp?aID=2&amp;ID=31055</subfield>
  </datafield>
  <datafield tag="980" ind1=" " ind2=" ">
   <subfield code="a">Trung tâm Học liệu Trường Đại học Thủ Dầu Một</subfield>
  </datafield>
 </record>
</collection>
